[Event "R6R6 Muret 4 / Albi 3"]
[Site "?"]
[Date "2003.03.16"]
[Round "6.2"]
[White "Martinez, Loic"]
[Black "Rouquet, Remi"]
[Result "1-0"]
[WhiteElo "1320"]
[BlackElo "1230"]
[EventDate "2003.??.??"]
[PlyCount "107"]

1.e4 e5 2.Nf3 Nc6 3.d4 d6 4.dxe5 Nxe5 5.Nxe5 dxe5 6.Qxd8+ Kxd8 7.f4 f6 8.
Bc4 g5 9.fxe5 fxe5 10.Bxg5+ Be7 11.Bxe7+ Nxe7 12.O-O c6 13.a4 h5 14.Nc3 
Bg4 15.h3 Bc8 16.Rad1+ Kc7 17.Rf7 Re8 18.Rh7 Bd7 19.Rxh5 Ng8 20.Kh2 Nf6 
21.Rh6 Be6 22.Rxf6 Bxc4 23.b3 Be6 24.Ne2 Bd7 25.Rf7 Rad8 26.Ng3 Rf8 27.
Rdxd7+ Kb6 28.Rxb7+ Kc5 29.Rxf8 Rxf8 30.Rxa7 Kb6 31.Re7 c5 32.Rxe5 Rf2 33.
c3 Rc2 34.b4 c4 35.Rb5+ Kc6 36.Rc5+ Kd6 37.Rxc4 Ke5 38.a5 Ra2 39.Rc5+ Kd6 
40.e5+ Kd7 41.h4 Rf2 42.a6 Rf8 43.Nf5 Rxf5 44.e6+ Kxe6 45.Rxf5 Kxf5 46.a7 
Kg4 47.a8=Q Kxh4 48.Qg8 Kh5 49.b5 Kh4 50.b6 Kh5 51.b7 Kh4 52.b8=R Kh5 53.
Rb5+ Kh4 54.Qg5# 1-0

[Event "R5-A-CATE / Castel M"]
[Site "?"]
[Date "2003.03.16"]
[Round "6.6"]
[White "Grihon, Stephane"]
[Black "Duhon, Marie Pierre"]
[Result "1-0"]
[WhiteElo "1540"]
[BlackElo "1130"]
[EventDate "2003.05.18"]
[PlyCount "59"]
[SourceDate "2003.05.18"]

1.d4 d5 2.c4 e6 3.Nf3 Bd6 4.c5 Nc6 5.cxd6 cxd6 6.Nc3 h6 7.Bf4 Nge7 8.e3 a6
9.Bd3 Rb8 10.O-O b5 11.Rc1 Nb4 12.Bb1 Bb7 13.a3 Nbc6 14.b4 Rc8 15.Qe2 Na7 
16.Bd3 Qd7 17.h4 Rc7 18.Rc2 Kd8 19.Rfc1 Nf5 20.h5 f6 21.Bxf5 exf5 22.Nh4 
Rg8 23.Qd3 g6 24.hxg6 h5 25.Ne2 Nc6 26.Ng3 Ne7 27.Rxc7 Qc8 28.Rxc8+ Nxc8 
29.Qxf5 Ke7 30.Rc7+ 1-0

[Event "R6R6 Luchon 1 / Vic bigorre 2"]
[Site "?"]
[Date "2003.03.16"]
[Round "6.2"]
[White "Barette, Loic"]
[Black "Lloveras, Jean-jacques"]
[Result "1/2-1/2"]
[WhiteElo "1199"]
[BlackElo "1499"]
[EventDate "2003.??.??"]
[PlyCount "116"]

1.d4 d5 2.Nc3 Nf6 3.Nf3 g6 4.e3 Bg7 5.Bd3 O-O 6.O-O Bg4 7.e4 Bxf3 8.Qxf3 
dxe4 9.Bxe4 Nxe4 10.Qxe4 c6 11.Bf4 Nd7 12.Rad1 e6 13.Be5 f5 14.Qe3 Qe7 15.
Bxg7 Kxg7 16.Rfe1 Nb6 17.Qe5+ Kf7 18.d5 cxd5 19.Nxd5 Nxd5 20.Rxd5 Rad8 21.
Rd3 Rxd3 22.cxd3 Qf6 23.Qc7+ Qe7 24.Qe5 Qf6 25.Qd6 Qe7 26.Qe5 Qf6 27.Qc7+ 
Qe7 28.Qc4 Re8 29.d4 Qd7 30.g3 Qd5 31.Qc7+ Re7 32.Qe5 Qxe5 33.Rxe5 h5 34.
h3 Rd7 35.Rc5 Kf6 36.Rc4 e5 37.dxe5+ Kxe5 38.f4+ Ke6 39.Rc1 Rd2 40.Re1+ 
Kf6 41.Rb1 Rd3 42.Kf2 Rd2+ 43.Ke3 Rg2 44.Kf3 Rd2 45.g4 Rd3+ 46.Kg2 fxg4 
47.hxg4 hxg4 48.b4 Rf3 49.Rf1 Rxf1 50.Kxf1 Kf5 51.a4 Kxf4 52.a5 Kf3 53.b5 
g3 54.Kg1 g5 55.b6 a6 56.Kf1 g4 57.Kg1 g2 58.Kh2 Kf2 1/2-1/2

[Event "R6R6 Luchon 1 / Vic bigorre 2"]
[Site "?"]
[Date "2003.03.16"]
[Round "6.3"]
[White "Saint-Martin, Olivier"]
[Black "Laragnon, Florian"]
[Result "1/2-1/2"]
[WhiteElo "1390"]
[BlackElo "1199"]
[EventDate "2003.??.??"]
[PlyCount "97"]

1.e4 e5 2.Nf3 Nc6 3.Nc3 Nf6 4.d4 Bb4 5.a3 Bxc3+ 6.bxc3 d6 7.dxe5 Nxe4 8.
Bb2 Bg4 9.Qd3 d5 10.c4 Ne7 11.cxd5 Qxd5 12.O-O-O O-O-O 13.Be2 Nxf2 14.Qxd5
Nxd5 15.Rhf1 Nxd1 16.Rxd1 Ne3 17.Rd3 Rxd3 18.Bxd3 Bf5 19.Bd4 Bxd3 20.cxd3 
Nxg2 21.Kd2 Rd8 22.Ke2 Nf4+ 23.Ke3 Nd5+ 24.Ke4 b6 25.h4 c5 26.e6 cxd4 27.
exf7 Nf6+ 28.Ke5 Kd7 29.Ng5 h6 30.Ne6 Rb8 31.f8=Q Rxf8 32.Nxf8+ Kc6 33.Ne6
Ng4+ 34.Kxd4 a5 35.Nxg7 b5 36.Nf5 h5 37.Ne7+ Kb6 38.Nd5+ Ka6 39.Kc5 Ne5 
40.Nc7+ Kb7 41.Nxb5 Nxd3+ 42.Kd6 Ka6 43.Kc6 Ne5+ 44.Kc5 Ng6 45.Nc7+ Kb7 
46.Nd5 Nxh4 47.Nf4 Nf5 48.Nxh5 Ka6 49.Nf4 1/2-1/2

[Event "R6R6 Muret 3 / Ramonville 2"]
[Site "?"]
[Date "2003.03.16"]
[Round "6.2"]
[White "BERTRAND, Guillaume"]
[Black "MAS, Jean-louis"]
[Result "0-1"]
[WhiteElo "1390"]
[BlackElo "1310"]
[PlyCount "90"]

1.e4 d6 2.d4 Nf6 3.Nc3 g6 4.Nf3 Bg7 5.Be3 O-O 6.Be2 c6 7.Qd2 Qc7 8.Bh6 Rd8
9.Bxg7 Kxg7 10.O-O-O b6 11.Qe1 Bb7 12.h3 Nbd7 13.g4 c5 14.d5 a6 15.Nh4 Ne5
16.f4 Ned7 17.f5 g5 18.Ng2 Ne5 19.Qd2 h6 20.h4 Nh7 21.hxg5 Nxg5 22.Rh5 f6 
23.Rdh1 Rh8 24.Nf4 Bc8 25.Bd1 b5 26.Qh2 Nef7 27.Ne6+ Bxe6 28.fxe6 Rh7 29.
exf7 Nxf7 30.Qd2 Rah8 31.Ne2 Ng5 32.Ng3 Kf8 33.Qe3 Qd7 34.Nf5 e5 35.Rxh6 
Rxh6 36.Nxh6 Qh7 37.Rf1 Qxh6 38.b3 Nxe4 39.Qxh6+ Rxh6 40.Kb2 Kg7 41.c3 
Rh2+ 42.Bc2 Kh6 43.Ka1 Rxc2 44.a3 Kg5 45.Rg1 Nxc3 0-1

[Event "R6R6 Tournefeuille 3 / Loures Barousse"]
[Site "?"]
[Date "2003.03.16"]
[Round "6.3"]
[White "MALLOFRE, Vincent"]
[Black "CONDEMINAS"]
[Result "1-0"]
[WhiteElo "1730"]
[BlackElo "1650"]
[PlyCount "137"]

1.e4 e6 2.Nf3 b6 3.d4 Bb7 4.Bd3 Nf6 5.Qe2 h6 6.Nc3 Bb4 7.a3 Bxc3+ 8.bxc3 
O-O 9.O-O d6 10.Re1 Nbd7 11.a4 Re8 12.Ba3 Nf8 13.Qe3 Ng6 14.h3 a6 15.c4 c5
16.c3 e5 17.d5 Bc8 18.Bc1 Nf4 19.Bf1 N6h5 20.Kh2 Ra7 21.g3 Ng6 22.Qe2 Nf6 
23.Qc2 Nh7 24.Bd3 Rf8 25.Be3 Kh8 26.Rf1 f6 27.Ng1 Raf7 28.f4 exf4 29.Bxf4 
Nxf4 30.Rxf4 g5 31.Rf2 Qd7 32.Raf1 Kg7 33.e5 fxe5 34.Rxf7+ Rxf7 35.Rxf7+ 
Qxf7 36.Bxh7 Bd7 37.Be4 Qe8 38.Qb2 Qd8 39.g4 Bxa4 40.Qa2 b5 41.cxb5 axb5 
42.Qf2 Qf6 43.Qxf6+ Kxf6 44.Ne2 Bd1 45.Ng3 b4 46.cxb4 cxb4 47.Nf5 b3 48.
Ne3 Bc2 49.Nxc2 bxc2 50.Bxc2 e4 51.Bxe4 Ke5 52.Bf3 Kf4 53.Kg2 Ke3 54.Kg3 
Kd2 55.Kf2 Kd3 56.Bd1 Kc4 57.Bf3 Kd3 58.Bg2 Kd4 59.Ke2 Ke5 60.Ke3 Kf6 61.
Ke4 Kg6 62.Bf1 Kf6 63.Bb5 Kg6 64.Bd7 Kf6 65.Be8 Ke7 66.Kf5 Kxe8 67.Ke6 Kd8
68.Kxd6 Ke8 69.Kc7 1-0

[Event "R6R6  Luchon 2 /Villeneuve-tolosane 2"]
[Site "?"]
[Date "2003.03.16"]
[Round "6.3"]
[White "MOREAU, Philippe"]
[Black "MAGES, Gaetan"]
[Result "1-0"]
[WhiteElo "1580"]
[BlackElo "1199"]
[PlyCount "91"]

1.e4 e5 2.Nf3 Nc6 3.Bb5 a6 4.Ba4 b5 5.Bb3 Nf6 6.O-O Nxe4 7.Re1 d5 8.d3 Nf6
9.Nxe5 Nxe5 10.Rxe5+ Be7 11.Bg5 Qd6 12.d4 O-O 13.Bxf6 Bxf6 14.Rxd5 Qf4 15.
g3 Qe4 16.Nc3 Qg6 17.Ne2 c6 18.Nf4 Qe4 19.Rd6 a5 20.c3 Bf5 21.Qe1 Rfe8 22.
Qxe4 Rxe4 23.Rxc6 Rae8 24.Rc7 g5 25.Nh5 Kh8 26.Nxf6 Re1+ 27.Rxe1 Rxe1+ 28.
Kg2 Kg7 29.Rxf7+ Kg6 30.Rf8 g4 31.Nxg4 Bxg4 32.Rg8+ Kh5 33.Bf7+ Kh6 34.
Rxg4 Re2 35.d5 Re7 36.Be6 Re8 37.Rg8 Rxg8 38.Bxg8 Kg7 39.d6 Kf8 40.d7 Ke7 
41.Be6 Kd8 42.f4 Ke7 43.f5 Kd8 44.f6 Kc7 45.f7 Kb6 46.f8=Q 1-0

[Event "R5-A-Muret G / Fleurance"]
[Site "?"]
[Date "2003.03.16"]
[Round "6.5"]
[White "Spadounakis, Serge"]
[Black "Verges, Jean"]
[Result "0-1"]
[WhiteElo "1490"]
[BlackElo "1540"]
[EventDate "2003.05.18"]
[PlyCount "138"]
[SourceDate "2003.05.18"]

1.e4 e6 2.d4 d5 3.exd5 exd5 4.Nf3 Bd6 5.Bd3 Nc6 6.O-O Nge7 7.Re1 Bg4 8.c3 
Qd7 9.Nbd2 O-O-O 10.Qc2 Ng6 11.h3 Be6 12.Nf1 Nf4 13.Bxf4 Bxf4 14.Ne3 Ne7 
15.Nf1 Rde8 16.Re2 Bf5 17.Rae1 Bxd3 18.Qxd3 Ng6 19.N1d2 Rxe2 20.Rxe2 c6 
21.Nb3 Bd6 22.Re1 Re8 23.Rxe8+ Qxe8 24.Qf5+ Kc7 25.g3 h6 26.Kf1 Ne7 27.Qd3
Ng8 28.Nbd2 Nf6 29.Qf5 Qe7 30.Ne1 g6 31.Qf3 Qe6 32.Kg2 Nh7 33.g4 Ng5 34.
Qd1 Ne4 35.Nxe4 Qxe4+ 36.f3 Qf4 37.Nd3 Qg3+ 38.Kf1 Qxh3+ 39.Ke2 Qg2+ 40.
Nf2 Bg3 41.Qf1 Qh2 42.Ke3 Kd6 43.Qe2 f5 44.gxf5 gxf5 45.Nd3 Qxe2+ 46.Kxe2 
f4 47.Kf1 h5 48.Kg2 Kc7 49.Kh3 Kb6 50.Nc5 Be1 51.Ne6 Bd2 52.Kh4 Bc1 53.
Kxh5 Bxb2 54.Nxf4 Bxc3 55.Ne6 c5 56.f4 Bxd4 57.f5 Be5 58.Ng5 c4 59.Nf3 Bb2
60.Kg6 c3 61.Nd4 Kc5 62.Nc2 Bc1 63.f6 Bf4 64.f7 Bd6 65.Kg7 d4 66.a3 d3 67.
Ne3 c2 68.Nf5 Bf8+ 69.Kxf8 c1=Q 0-1

[Event "R5-A-Vic / CEIT"]
[Site "?"]
[Date "2003.03.16"]
[Round "6.1"]
[White "Grelier, Gilles"]
[Black "Laffont, Jean-Christophe"]
[Result "1-0"]
[WhiteElo "1940"]
[BlackElo "1570"]
[EventDate "2003.02.02"]
[PlyCount "61"]
[SourceDate "2003.05.18"]

1.d4 d5 2.c4 e6 3.cxd5 exd5 4.Nc3 c6 5.Nf3 Nf6 6.Bg5 Nbd7 7.e3 Be7 8.Bd3 
O-O 9.Qc2 h6 10.h4 Nb6 11.Bf4 c5 12.O-O-O c4 13.Bf5 Bxf5 14.Qxf5 Bb4 15.
Qc2 Bxc3 16.bxc3 Ne4 17.Ne5 Na4 18.Qxa4 Nxf2 19.g4 Nxd1 20.Kxd1 Qb6 21.Kc2
Qe6 22.g5 h5 23.Kd2 g6 24.Qd7 Qa6 25.Ra1 Qa3 26.Kc2 Rad8 27.Qc7 Rc8 28.Qd7
Rcd8 29.Qb5 Rd6 30.Nd7 a6 31.Bxd6 1-0

[Event "R6R6 Tournefeuille 3 / Loures Barousse"]
[Site "?"]
[Date "2003.03.16"]
[Round "6.4"]
[White "Cordier, Michel"]
[Black "Artis, Francois"]
[Result "0-1"]
[WhiteElo "1370"]
[BlackElo "1740"]
[EventDate "2003.??.??"]
[PlyCount "118"]

1.Nf3 c5 2.g3 Nc6 3.Bg2 Nf6 4.d3 g6 5.O-O Bg7 6.c3 O-O 7.Re1 d6 8.Nbd2 Re8
9.e4 e5 10.Nf1 h6 11.Ne3 Be6 12.Nd2 Qd7 13.f3 b5 14.b3 a5 15.a4 Rab8 16.
axb5 Rxb5 17.c4 Rb6 18.Ra4 Ra8 19.Bb2 Ne8 20.Bc3 Nb4 21.Bxb4 cxb4 22.Qc2 
h5 23.h4 Bh6 24.Ndf1 Rc6 25.Qb2 Qa7 26.Kh2 Ng7 27.Bh3 f5 28.Ng2 Qf7 29.Qe2
Kh7 30.Nd2 Rcc8 31.Rf1 f4 32.g4 Bd7 33.Raa1 Ne6 34.Qd1 Nd4 35.g5 Bg7 36.
Bxd7 Qxd7 37.Ne1 Bf8 38.Nc2 Ne6 39.Ne1 Be7 40.Rg1 Bd8 41.Rg2 Bb6 42.Nf1 
Bd4 43.Raa2 Nc5 44.Qb1 Bc3 45.Rge2 Rcb8 46.Qc2 a4 47.Nd2 Bxd2 48.Qxd2 Nxb3
49.Qb2 Nd4 50.Rd2 a3 51.Qb1 b3 52.Ra1 Qa7 53.Kg2 Qa5 54.Rd1 Qc3 55.Rc1 
Qd2+ 56.Kf1 a2 57.Rxa2 Rxa2 58.Kg1 Qh2+ 59.Kf1 Qf2# 0-1

[Event "R5-A-Castel M / CATE"]
[Site "?"]
[Date "2003.03.16"]
[Round "6.5"]
[White "Castro, Jean Pierre"]
[Black "Bacque, Bernard"]
[Result "1-0"]
[WhiteElo "1320"]
[BlackElo "1530"]
[EventDate "2003.05.18"]
[PlyCount "75"]
[SourceDate "2003.05.18"]

1.Nf3 e6 2.e4 d5 3.e5 c5 4.d4 Nc6 5.c3 Qb6 6.a3 cxd4 7.cxd4 Nge7 8.Be2 Nf5
9.Be3 Qxb2 10.Nbd2 Nfxd4 11.Nxd4 Nxd4 12.Qa4+ Nc6 13.Bd4 Qxd4 14.Qxd4 Nxd4
15.Bd3 Be7 16.O-O O-O 17.Nb1 f6 18.Re1 fxe5 19.Rxe5 Bf6 20.Rh5 g6 21.Rh3 
Nf3+ 22.Rxf3 Bxa1 23.Re3 Bd4 24.Re2 e5 25.Bc2 Rxf2 26.Rxf2 Bxf2+ 27.Kxf2 
Bf5 28.Bxf5 Rf8 29.g4 gxf5 30.g5 Rc8 31.h4 Kf7 32.Nd2 Rc2 33.Ke1 d4 34.Nf3
Ke6 35.h5 e4 36.Nxd4+ Ke5 37.Nxc2 Kf4 38.g6 1-0

[Event "R5-A-Muret G / Fleurance"]
[Site "?"]
[Date "2003.03.16"]
[Round "6.1"]
[White "Partinico, Jeremy"]
[Black "Kuzev, Jordan"]
[Result "0-1"]
[WhiteElo "1650"]
[BlackElo "2239"]
[EventDate "2003.05.18"]
[PlyCount "94"]
[SourceDate "2003.05.18"]

1.e4 c5 2.Nf3 Nc6 3.Bb5 e5 4.c3 Nge7 5.d4 cxd4 6.cxd4 exd4 7.Nxd4 Nxd4 8.
Qxd4 Nc6 9.Qa4 Bc5 10.Nc3 O-O 11.O-O a6 12.Nd5 Nd4 13.Be3 Ne6 14.Rac1 d6 
15.Rfd1 Rb8 16.Be2 b5 17.Qc2 Bb7 18.Bxc5 dxc5 19.Bg4 Qh4 20.f3 Bxd5 21.
Rxd5 c4 22.Bxe6 fxe6 23.Rd6 Qg5 24.Kh1 Rbd8 25.Rcd1 Rxd6 26.Rxd6 Qf4 27.
Rxe6 Rd8 28.Rxa6 Rd2 29.Qc1 Qe3 30.Rd6 Re2 31.Qxe3 Rxe3 32.Kg1 Re2 33.Rd1 
Rxb2 34.a3 c3 35.Rc1 Rb3 36.Kf2 Rxa3 37.Ke3 b4 38.Rc2 b3 39.Rxc3 b2 40.
Rxa3 b1=Q 41.Ra8+ Kf7 42.Ra7+ Kg6 43.Ra6+ Kh5 44.g4+ Kh4 45.Kf4 Qc1+ 46.
Ke5 Qc5+ 47.Kf4 g5# 0-1

[Event "R6R6  Luchon 2 /Villeneuve-tolosane 2"]
[Site "?"]
[Date "2003.03.16"]
[Round "6.4"]
[White "Batatia, Ismael"]
[Black "Lefauqueur, Alain"]
[Result "0-1"]
[WhiteElo "1199"]
[BlackElo "1500"]
[EventDate "2003.??.??"]
[PlyCount "46"]

1.e4 e5 2.Nf3 Nf6 3.Nc3 Nc6 4.d4 Bd6 5.d5 Ne7 6.Bc4 h6 7.O-O O-O 8.a4 Ng6 
9.Re1 Re8 10.b3 Bb4 11.Bd2 d6 12.h3 Bd7 13.Re2 Nh5 14.Re3 Nhf4 15.Ne2 Bxd2
16.Qxd2 Qc8 17.Ne1 Qd8 18.Bd3 a5 19.c4 c5 20.Rf3 Qg5 21.Rg3 Nxh3+ 22.gxh3 
Qxd2 23.Nc2 Nf4 0-1

[Event "R6R6  Luchon 2 /Villeneuve-tolosane 2"]
[Site "?"]
[Date "2003.03.16"]
[Round "6.2"]
[White "Raboul, Francois"]
[Black "Aranda, Berenger"]
[Result "0-1"]
[WhiteElo "1199"]
[BlackElo "1610"]
[EventDate "2003.??.??"]
[PlyCount "90"]

1.d4 f5 2.Nf3 Nf6 3.Bf4 g6 4.e3 Bg7 5.Bc4 c6 6.Bxb8 Rxb8 7.O-O b5 8.Bd3 
O-O 9.Ng5 d6 10.Qf3 Qe8 11.c3 Bd7 12.c4 a6 13.b3 e5 14.dxe5 dxe5 15.a4 e4 
16.Qf4 exd3 17.cxb5 axb5 18.axb5 Nh5 19.Qd6 Bxa1 20.bxc6 Bxc6 21.Qxd3 Qd7 
22.Qc4+ Bd5 23.Qd3 Rxb3 24.Qa6 Ra8 25.Qe2 Qb5 26.Qxb5 Rxb5 27.Nd2 Bf6 28.
Nh3 Ra1 29.g4 Rxf1+ 30.Kxf1 fxg4 31.Nf4 Nxf4 32.exf4 h5 33.Ke2 Rb2 34.Kd3 
Rb4 35.Ke3 Kf7 36.f3 gxf3 37.Nxf3 Bxf3 38.Kxf3 Ke6 39.Kg3 Kf5 40.h3 h4+ 
41.Kf3 Rb3+ 42.Kg2 Kxf4 43.Kh2 Rb2+ 44.Kg1 Kf3 45.Kf1 Rb1# 0-1

[Event "R5-A-Castel M / CATE"]
[Site "?"]
[Date "2003.03.16"]
[Round "6.3"]
[White "Duhon, Jean Noel"]
[Black "Rynik, Gerard"]
[Result "0-1"]
[WhiteElo "1300"]
[BlackElo "1640"]
[EventDate "2003.05.18"]
[PlyCount "70"]
[SourceDate "2003.05.18"]

1.e4 c5 2.d3 Nc6 3.g3 d5 4.Bg2 dxe4 5.Bxe4 Bd7 6.Bg2 Nf6 7.Be3 g6 8.Ne2 e6
9.d4 Qb6 10.b3 cxd4 11.Bxd4 Nxd4 12.Nxd4 Bg7 13.c3 O-O 14.O-O Rfd8 15.Qc2 
Rac8 16.Ne2 Bc6 17.Rd1 Bxg2 18.Rxd8+ Rxd8 19.Kxg2 Ng4 20.Nf4 Qc6+ 21.Kg1 
e5 22.Ng2 Qd6 23.Ne1 f5 24.b4 e4 25.Qb3+ Kf8 26.Qc4 Qb6 27.Qc5+ Qxc5 28.
bxc5 Rd1 29.Kf1 Bxc3 30.Nxc3 Rxa1 31.Ke2 Nxh2 32.Nc2 Rg1 33.a4 Nf3 34.a5 
Rc1 35.Nb4 Re1# 0-1

[Event "R5-A-Castel M / CATE"]
[Site "?"]
[Date "2003.03.16"]
[Round "6.1"]
[White "Sangoi, Jean-Jacques"]
[Black "Xuereb, Michel"]
[Result "1-0"]
[WhiteElo "1760"]
[BlackElo "1740"]
[EventDate "2003.05.18"]
[PlyCount "83"]
[SourceDate "2003.05.18"]

1.d4 Nf6 2.c4 g6 3.Nc3 Bg7 4.e4 d6 5.f4 O-O 6.Be2 Nbd7 7.Nf3 c5 8.d5 a6 9.
O-O Kh8 10.Ng5 h6 11.Nf3 Qe8 12.Bd3 e5 13.f5 g5 14.Be3 Ng4 15.Bd2 Qe7 16.
Nxg5 Nxh2 17.Kxh2 hxg5 18.Qh5+ Kg8 19.Bxg5 f6 20.Bd2 Qf7 21.Qg4 Re8 22.Rf3
Kf8 23.Rh1 Ke7 24.Kg1 Rg8 25.Rh7 Kf8 26.Rg3 Nb6 27.Rxg7 Qxg7 28.Bh6 Qxh6 
29.Qxg8+ Ke7 30.Rg7+ Qxg7 31.Qxg7+ Kd8 32.Qxf6+ Kc7 33.Kf2 Nd7 34.Qe7 b5 
35.g4 Bb7 36.g5 Rf8 37.g6 Rh8 38.g7 Rh7 39.Qxd7+ Kxd7 40.g8=Q Rh2+ 41.Ke3 
Rxb2 42.f6 1-0

[Event "R5-A-CEIT / Vic"]
[Site "?"]
[Date "2003.03.16"]
[Round "6.2"]
[White "Pezou, Jean Claude"]
[Black "Lavole, Olivier"]
[Result "0-1"]
[WhiteElo "1590"]
[BlackElo "1640"]
[EventDate "2003.02.02"]
[PlyCount "98"]
[SourceDate "2003.05.18"]

1.e4 c5 2.Nc3 Nc6 3.Bc4 Nf6 4.f4 Nxe4 5.Bxf7+ Kxf7 6.Nxe4 e6 7.Nf3 d5 8.
Ng3 Bd6 9.d3 Qc7 10.Ng5+ Kg8 11.O-O h6 12.Nh3 Bd7 13.Ne2 Rf8 14.Rf3 Kh7 
15.Qf1 Nb4 16.c3 Nc6 17.g3 Rhg8 18.Qg2 Ne7 19.Bd2 Bc6 20.d4 cxd4 21.Nxd4 
Bc5 22.Be3 Bxd4 23.cxd4 Nf5 24.Rc1 Qb6 25.Qc2 Kh8 26.Rd1 Rc8 27.Bf2 Rc7 
28.Rb3 Ba4 29.Rxb6 Bxc2 30.Rxe6 Bxd1 31.Re5 Rc1 32.Re1 Rgc8 33.Kg2 Bg4 34.
Re5 Rd8 35.Ng1 Rc2 36.h3 Rxb2 37.hxg4 Nxd4 38.a3 Nc6 39.Re3 d4 40.Rd3 a5 
41.Nf3 a4 42.Nd2 b5 43.Kf3 b4 44.Be1 Rf8 45.Ke4 Re8+ 46.Kd5 Rxe1 47.Kxc6 
bxa3 48.Rxd4 a2 49.f5 a1=Q 0-1

[Event "R5-A-Fleurance / Muret G"]
[Site "?"]
[Date "2003.03.16"]
[Round "6.6"]
[White "Couget, Fabrice"]
[Black "Le Digabel, Patrick"]
[Result "0-1"]
[WhiteElo "1499"]
[BlackElo "1480"]
[EventDate "2003.05.18"]
[PlyCount "88"]
[SourceDate "2003.05.18"]

1.c4 Nf6 2.Nc3 e6 3.d4 d5 4.cxd5 exd5 5.Nf3 Bb4 6.Bd2 O-O 7.e3 Re8 8.Bd3 
Bg4 9.h3 Bh5 10.Be2 c6 11.O-O Nbd7 12.a3 Bd6 13.b4 a6 14.Ne1 Bxe2 15.Qxe2 
Nb6 16.Nd3 Nc4 17.Nc5 Qc7 18.Rfe1 b6 19.N5a4 a5 20.Reb1 Qe7 21.bxa5 Rxa5 
22.Nxb6 Nxd2 23.Qxd2 Rxa3 24.Rxa3 Bxa3 25.Nba4 Bb4 26.Qc2 Rb8 27.Na2 Qd6 
28.Nxb4 Rxb4 29.Rxb4 Qxb4 30.Qd1 Qb8 31.Nc5 Qe8 32.Qf3 h6 33.Nd3 Qa8 34.
Ne5 Qc8 35.Kh2 Qc7 36.Qg3 c5 37.Ng4 Nxg4+ 38.Kg1 Qxg3 39.fxg3 c4 40.Kf1 c3
41.Ke2 c2 42.Kd2 Nxe3 43.g4 Kf8 44.g3 Ke7 0-1

[Event "R5-A-Fleurance / Muret G"]
[Site "?"]
[Date "2003.03.16"]
[Round "6.4"]
[White "Vallee-Patetif, Francine"]
[Black "Camilleri, Herve"]
[Result "1-0"]
[WhiteElo "1540"]
[BlackElo "1660"]
[EventDate "2003.05.18"]
[PlyCount "71"]
[SourceDate "2003.05.18"]

1.e4 e5 2.Nf3 b6 3.Bc4 d6 4.Nc3 Nf6 5.h3 Be7 6.d3 Bb7 7.O-O O-O 8.Nh2 Nbd7
9.Ng4 c6 10.a3 b5 11.Ba2 a5 12.Qf3 Nxg4 13.Qxg4 Nf6 14.Qg3 b4 15.Nd1 Qc7 
16.Bh6 Nh5 17.Qg4 Bc8 18.Qxh5 gxh6 19.Qxh6 Kh8 20.Re1 f5 21.exf5 Rxf5 22.
h4 Rf6 23.Qg5 Rg6 24.Qd2 d5 25.Kf1 Bxh4 26.axb4 axb4 27.Qxb4 Be7 28.Qc3 d4
29.Qd2 Be6 30.c4 Ra5 31.f3 Qb8 32.Qxa5 Bb4 33.Qxe5+ Qxe5 34.Rxe5 Rh6 35.
Nf2 Bd6 36.Rxe6 1-0

[Event "R5-A-Fleurance / Muret G"]
[Site "?"]
[Date "2003.03.16"]
[Round "6.2"]
[White "Pouvreau, David"]
[Black "Fora, Jean Paul"]
[Result "1-0"]
[WhiteElo "2030"]
[BlackElo "1680"]
[EventDate "2003.05.18"]
[PlyCount "68"]
[SourceDate "2003.05.18"]

1.d4 e6 2.e4 c5 3.d5 d6 4.c4 exd5 5.cxd5 Nf6 6.Nc3 Be7 7.Be2 O-O 8.f4 a6 
9.a4 Nbd7 10.Nf3 Re8 11.O-O Nf8 12.e5 N6d7 13.Bd3 Ng6 14.Re1 f6 15.e6 Ndf8
16.h4 Qc7 17.h5 Nh8 18.Nh4 g6 19.Qg4 Bd8 20.Nf5 b6 21.Be3 c4 22.Be4 Bb7 
23.Bd4 Bc8 24.Nh6+ Kg7 25.Nf5+ Kg8 26.Nh6+ Kg7 27.Nf5+ Kg8 28.Qg3 Qb8 29.
Nh6+ Kg7 30.Ng4 Qc7 31.Qh4 Nxe6 32.Bxf6+ Kg8 33.dxe6 Rxe6 34.Bxd8 Qc5+ 1-0

[Event "N3"]
[Site "?"]
[Date "2003.03.23"]
[Round "4"]
[White "CHARLES Yohann"]
[Black "MOREAU Emilien"]
[Result "0-1"]
[WhiteElo "1140"]
[BlackElo "1199"]
[PlyCount "86"]

1.d4 d5 2.Bf4 Nc6 3.Nc3 Nf6 4.Nb5 Nh5 5.Nxc7+ Kd7 6.Nxa8 Nxf4 7.e3 Ne6 8.
Bb5 Qa5+ 9.c3 Qxb5 10.b4 Qc4 11.Nf3 Qxc3+ 12.Nd2 Nxb4 13.O-O b6 14.Rc1 Qa3
15.Nf3 f6 16.g4 Ba6 17.Re1 Nd3 18.Rc7+ Nxc7 19.Re2 Nxa8 20.Rc2 Bb5 21.Ne1 
Ba4 22.Nxd3 Bxc2 23.Qxc2 e6 24.Qb2 Qxb2 25.Nxb2 Bd6 26.f4 e5 27.fxe5 fxe5 
28.dxe5 Bxe5 29.Nd3 Bd6 30.Nf4 Bxf4 31.exf4 Rf8 32.f5 Kd6 33.h3 Ke5 34.Kg2
Kf4 35.Kh2 Kf3 36.g5 Rxf5 37.h4 Rf4 38.Kh3 d4 39.h5 d3 40.h6 gxh6 41.gxh6 
d2 42.Kh2 Rh4+ 43.Kg1 d1=Q# 0-1

[Event "N3"]
[Site "?"]
[Date "2003.03.23"]
[Round "4"]
[White "PIGNERO Guillaume"]
[Black "ROUVIERE"]
[Result "1/2-1/2"]
[WhiteElo "1150"]
[BlackElo "1190"]
[PlyCount "151"]

1.e4 d6 2.c4 Nf6 3.d3 g6 4.b3 Bg7 5.Bb2 c6 6.g3 a6 7.Bg2 b5 8.Nf3 Be6 9.
Na3 b4 10.Nc2 a5 11.O-O Qd7 12.a3 bxa3 13.Rxa3 Bh3 14.Nce1 c5 15.Bc3 Nc6 
16.Ng5 Bxg2 17.Nxg2 h6 18.Nf3 Qh3 19.b4 cxb4 20.Bxb4 Nxb4 21.Qa4+ Qd7 22.
e5 Qxa4 23.Rxa4 Nxd3 24.exf6 Bxf6 25.Nf4 Nb2 26.Ra3 Nxc4 27.Rd3 a4 28.Nd5 
Ne5 29.Nc7+ Kd7 30.Nxe5+ Bxe5 31.Nxa8 Rxa8 32.Re1 a3 33.Rxe5 a2 34.Re1 
a1=Q 35.Rxa1 Rxa1+ 36.Kg2 Ke6 37.Rb3 Rd1 38.Rb8 d5 39.Rg8 d4 40.h4 h5 41.
Kf3 Re1 42.Rd8 Ke5 43.Rd7 Rd1 44.Ke2 Ke6 45.Rc7 Ra1 46.Rc4 Kd5 47.Rc2 Ke4 
48.f3+ Kd5 49.g4 Rh1 50.Rc7 hxg4 51.fxg4 Rxh4 52.g5 Rh3 53.Rd7+ Ke4 54.
Rxe7+ Kf5 55.Rxf7+ Kxg5 56.Rd7 Rh4 57.Rd5+ Kf4 58.Rxd4+ Kg3 59.Rd3+ Kf4 
60.Rf3+ Kg5 61.Rg3+ Kh5 62.Kf3 g5 63.Kg2 g4 64.Re3 Kg5 65.Kg3 Rh3+ 66.Kf2 
Kh4 67.Re4 Rh2+ 68.Kg1 Ra2 69.Kf1 Kg3 70.Re3+ Kf4 71.Re2 Rxe2 72.Kxe2 Kg3 
73.Kf1 Kf3 74.Kg1 g3 75.Kf1 g2+ 76.Kg1 1/2-1/2

[Event "N3"]
[Site "?"]
[Date "2003.03.23"]
[Round "4"]
[White "PINOT Roland"]
[Black "TREINSOUTROT Victor"]
[Result "1-0"]
[WhiteElo "1530"]
[BlackElo "1110"]
[PlyCount "71"]

1.d4 d5 2.Nf3 Nf6 3.Bf4 Nc6 4.e3 Bf5 5.c4 e6 6.Nc3 Bb4 7.a3 Bxc3+ 8.bxc3 
dxc4 9.Bxc4 O-O 10.O-O Na5 11.Bd3 Bxd3 12.Qxd3 Nd5 13.Bg5 f6 14.Bh4 Qd6 
15.c4 Nb6 16.c5 Qd5 17.cxb6 axb6 18.e4 Qb3 19.Qxb3 Nxb3 20.Ra2 Ra4 21.Bg3 
Nxd4 22.Nxd4 Rxd4 23.Bxc7 b5 24.f3 Rc4 25.Bd6 Rd8 26.Bb4 f5 27.exf5 exf5 
28.Raa1 f4 29.Rac1 Rd3 30.Rfd1 Rxd1+ 31.Rxd1 h6 32.h3 Kh7 33.Rd7 Rc1+ 34.
Kh2 Re1 35.Bxe1 b6 36.Rd6 1-0

[Event "N3"]
[Site "?"]
[Date "2003.03.23"]
[Round "4"]
[White "BOISRAME Paul"]
[Black "SERRES Olivier"]
[Result "0-1"]
[WhiteElo "1420"]
[BlackElo "1410"]
[PlyCount "60"]

1.e4 d6 2.d4 Nf6 3.Nc3 g6 4.Nf3 Bg7 5.Bc4 c6 6.d5 b5 7.Be2 b4 8.Na4 Nxe4 
9.c4 c5 10.Qb3 Nd7 11.a3 a5 12.axb4 cxb4 13.Be3 Qc7 14.Bd3 Nec5 15.Nxc5 
Nxc5 16.Bxc5 Qxc5 17.O-O O-O 18.Rfe1 Re8 19.Re4 Bd7 20.Rae1 a4 21.Qc2 Bf6 
22.Qd2 a3 23.bxa3 bxa3 24.Bb1 Bf5 25.Rf4 Bxb1 26.Rxb1 a2 27.Re1 a1=Q 28.g3
Qa2 29.Qc1 Qcxf2+ 30.Kh1 Qg2# 0-1

[Event "N3"]
[Site "?"]
[Date "2003.03.23"]
[Round "5"]
[White "KISSOUM Mehdi"]
[Black "BOISRAME Paul"]
[Result "0-1"]
[WhiteElo "1009"]
[BlackElo "1420"]
[PlyCount "28"]

1.e4 e5 2.Nf3 Nc6 3.Nc3 Nf6 4.Bc4 Bc5 5.d3 d6 6.Bg5 Bg4 7.O-O Nd4 8.Na4 h6
9.Bd2 Nh5 10.c3 Nxf3+ 11.gxf3 Bh3 12.Re1 Nf4 13.Be3 Qg5+ 14.Kh1 Qg2# 0-1

[Event "N3"]
[Site "?"]
[Date "2003.03.23"]
[Round "5"]
[White "DE OLIVIERA Benoit"]
[Black "MARTIN DE LA MOUTTE Paul"]
[Result "0-1"]
[WhiteElo "1099"]
[BlackElo "1099"]
[PlyCount "38"]

1.d4 d5 2.Nc3 Nf6 3.e3 Nc6 4.Nf3 g6 5.Bd3 Bg7 6.O-O O-O 7.Nxd5 Nxd5 8.Bd2 
Bg4 9.h3 Bxf3 10.gxf3 Qc8 11.Qe2 Qxh3 12.Rae1 Ncb4 13.Bf5 gxf5 14.Bxb4 
Nxb4 15.Qc4 Nc6 16.Qd5 e6 17.Qe5 Bxe5 18.dxe5 Nxe5 19.a4 Nxf3# 0-1

[Event "N3"]
[Site "?"]
[Date "2003.03.23"]
[Round "5"]
[White "TREINSOUTROT Arthur"]
[Black "PASTOR Quentin"]
[Result "0-1"]
[WhiteElo "1080"]
[BlackElo "1260"]
[PlyCount "72"]

1.e4 d6 2.Nc3 Nf6 3.Nf3 g6 4.d4 Bg7 5.Bc4 O-O 6.O-O Nc6 7.Bf4 Re8 8.Ng5 e6
9.Re1 Na5 10.Qd3 Nxc4 11.Qxc4 d5 12.exd5 exd5 13.Rxe8+ Nxe8 14.Qxd5 Qxd5 
15.Nxd5 Bxd4 16.Re1 Bf5 17.Be5 Bxe5 18.Rxe5 Bxc2 19.Re7 c6 20.Nc7 Nxc7 21.
Rxc7 Rb8 22.Rxf7 h6 23.Rd7 hxg5 24.h3 Bf5 25.Rd4 b5 26.b4 Rc8 27.g4 Be6 
28.Rd6 Kf7 29.Rd2 c5 30.Rc2 cxb4 31.Rb2 a5 32.Kg2 Rc3 33.Kf1 b3 34.a3 Rc2 
35.Rxc2 bxc2 36.Ke2 c1=Q 0-1

[Event "N3"]
[Site "?"]
[Date "2003.03.23"]
[Round "5"]
[White "PREST Arnaud"]
[Black "PINAULT Ronan"]
[Result "0-1"]
[WhiteElo "1280"]
[BlackElo "1530"]
[PlyCount "88"]

1.e4 e6 2.Nc3 d5 3.d4 c5 4.Nf3 Nc6 5.Be3 cxd4 6.Bxd4 Nf6 7.Bxf6 Qxf6 8.
exd5 exd5 9.Nxd5 Qd6 10.Bc4 Be6 11.a4 Rd8 12.O-O Bxd5 13.Bxd5 Qxd5 14.Qxd5
Rxd5 15.c4 Rd7 16.Rfe1+ Be7 17.Ne5 Nxe5 18.Rxe5 O-O 19.Rae1 Re8 20.b4 Kf8 
21.b5 Rd4 22.R1e4 Rd1+ 23.Re1 Rxe1+ 24.Rxe1 Bc5 25.Rxe8+ Kxe8 26.h3 Ke7 
27.Kf1 Ke6 28.Ke2 Ke5 29.g3 Kd4 30.f4 Kxc4 31.Kf3 Kb4 32.g4 Kxa4 33.h4 
Kxb5 34.g5 a5 35.Kg4 a4 36.Kh3 a3 37.f5 a2 38.g6 hxg6 39.fxg6 f6 40.Kg4 
a1=Q 41.Kh5 Qe5+ 42.Kg4 Qe4+ 43.Kg3 Bd6+ 44.Kh3 Qf3# 0-1